| 000 | 01225nam a22003134a 4500 | ||
|---|---|---|---|
| 001 | ebr10271474 | ||
| 003 | CaPaEBR | ||
| 006 | m u | ||
| 007 | cr cn||||||||| | ||
| 008 | 050630s2005 nyu sb 001 0 eng | ||
| 010 | _z 2005018737 | ||
| 020 | _z019928041X (alk. paper) | ||
| 040 |
_aCaPaEBR _cCaPaEBR |
||
| 035 | _a(OCoLC)646790441 | ||
| 050 | 1 | 4 |
_aJF1501 _b.P339 2005eb |
| 082 | 0 | 4 |
_a352.3/4 _222 |
| 100 | 1 | _aPage, Edward. | |
| 245 | 1 | 0 |
_aPolicy bureaucracy _h[electronic resource] : _bgovernment with a cast of thousands / _cEdward C. Page and Bill Jenkins. |
| 260 |
_aNew York : _bOxford University Press, _c2005. |
||
| 300 | _axxvi, 214 p. | ||
| 504 | _aIncludes bibliographical references (p. [197]-205) and index. | ||
| 533 |
_aElectronic reproduction. _bPalo Alto, Calif. : _cebrary, _d2013. _nAvailable via World Wide Web. _nAccess may be limited to ebrary affiliated libraries. |
||
| 650 | 0 | _aBureaucracy. | |
| 650 | 0 | _aPolitical planning. | |
| 655 | 7 |
_aElectronic books. _2local |
|
| 700 | 1 |
_aJenkins, W. I. _q(William Ieuan) |
|
| 710 | 2 | _aebrary, Inc. | |
| 856 | 4 | 0 |
_uhttp://site.ebrary.com/lib/rucke/Doc?id=10271474 _zAn electronic book accessible through the World Wide Web; click to view |
| 999 |
_c22180 _d22180 |
||